000
00329nam a2200145Ia 4500
008
230718s9999 xx 000 0 und d
041
_a
Eng.
082
_a
296.3
_b
YAS-B
100
_a
Yaseen, Prof. Muhamma
245
0
_a
Business law
260
_a
Pakistan
_b
Walayaiesans
_c
2001
300
_a
144
650
_a
Law
999
_c
26398
_d
26398